Evénements du 10 août - Statistiques

Statistiques générales
  • Ce quiz a été pris 31 fois
  • Le résultat moyen est 7 sur 15
Statistiques - réponses
Hint Réponse % Correct
Prise des Tuileries par la foule à Paris 1792
74%
Départ de Magellan pour un tour du monde 1519
68%
Les Américains utilisent l'agent orange au Vietnam pour la 1ère fois 1961
68%
Naissance du dessinateur de Michel Vaillant, Jean Graton 1923
63%
Sac de Saint-Jacques-de-Compostelle 997
63%
Début du siège de La Rochelle 1627
53%
Les îles Canaries obtiennent un statut d'autonomie 1982
47%
Découverte de Madagascar par Diogo Dias 1500
42%
Fondation de la société cinématographique Gaumont 1895
42%
Hoffmann synthétise l'aspire 1897
37%
L'Antarctique devient un territoire international 1960
37%
Inauguration du Musée du Louvre 1793
32%
Indépendance de l'Equateur 1809
32%
La flotte japonaise détruit la flotte russe à Port-Arthur 1904
32%
Accident dans la station Couronnes du métro parisien - 84 morts 1903
26%
Aucun quiz correspondant
Distribution des résultats
% des personnes avec chaque résultat
Percentile par nombre de réponses
Votre historique - résultats
Vous n’avez pas pris ce quiz